[Event "BCF-chT4S 1819 (4NCL)"]
[Site "England"]
[Date "2019.04.13"]
[Round "7.46"]
[White "Woolgar, Steven G"]
[Black "Gentry, Alan E"]
[Result "0-1"]
[WhiteElo "1652"]
[BlackElo "1739"]
[PlyCount "118"]
[EventDate "2018.11.17"]
[EventType "team-swiss"]
[EventRounds "11"]
[EventCountry "ENG"]
[SourceTitle "EXT 2021"]
[Source "ChessBase"]
[SourceDate "2020.10.23"]
[SourceVersion "1"]
[SourceVersionDate "2020.10.23"]
[SourceQuality "1"]
[WhiteTeam "Throw in the Tal"]
[BlackTeam "Oxford III"]
[WhiteTeamCountry "ENG"]
[BlackTeamCountry "ENG"]

1. c4 e6 2. Nc3 d5 3. cxd5 exd5 4. d4 Nf6 5. Nf3 Bb4 6. Bg5 0-0 7. g3 h6 8. Bxf6 Qxf6 9. Bg2 c6 10. 0-0 Bf5 11. Qb3 Qe7 12. Rfe1 Nd7 13. a3 Bxc3 14. bxc3 Nf6 15. Nd2 Rfe8 16. c4 Rac8 17. c5 Rc7 18. Ra2 Qe6 19. Nf3 Ne4 20. Nd2 Rce7 21. Nxe4 Bxe4 22. e3 h5 23. Rae2 h4 24. f3 h3 25. Bh1 Bg6 26. e4 dxe4 27. Qxe6 Rxe6 28. fxe4 Bh5 29. Re3 Rd8 30. d5 Re5 31. a4 Bg4 32. a5 Rde8 33. Rb3 cxd5 34. Rxb7 d4 35. Rxa7 d3 36. a6 d2 37. Rf1 Rxc5 38. Rb7 Rc1 39. Rbxf7 Re7 40. Rf8+ Kh7 41. e5 Rxf1+ 42. Rxf1 d1Q 43. Rxd1 Bxd1 44. Bb7 Be2 45. a7 Rf7 46. Bg2 Rxa7 47. Bxh3 Re7 48. e6 Bc4 49. Bf5+ g6 50. Bg4 Bxe6 51. Bf3 Rf7 52. Be4 Bh3 53. Bd3 Kh6 54. Bc4 Rf6 55. Be2 Kg5 56. Bd3 Rd6 57. Be2 Rd2 58. Bf3 Kf6 59. g4 g5 0-1

[Event "BCF-chT4S 1819 (4NCL)"]
[Site "England"]
[Date "2019.02.09"]
[Round "5.153"]
[White "Farahi Far, Arman"]
[Black "Gentry, Alan E"]
[Result "0-1"]
[WhiteElo "1525"]
[BlackElo "1739"]
[PlyCount "64"]
[EventDate "2018.11.17"]
[EventType "team-swiss"]
[EventRounds "11"]
[EventCountry "ENG"]
[SourceTitle "EXT 2021"]
[Source "ChessBase"]
[SourceDate "2020.10.23"]
[SourceVersion "1"]
[SourceVersionDate "2020.10.23"]
[SourceQuality "1"]
[WhiteTeam "Barnet Knights III"]
[BlackTeam "Oxford IV"]
[WhiteTeamCountry "ENG"]
[BlackTeamCountry "ENG"]

1. d4 Nf6 2. Nf3 e6 3. c4 c5 4. d5 exd5 5. cxd5 d6 6. Nc3 g6 7. Bg5 Bg7 8. e3 0-0 9. Bc4 a6 10. a4 Bg4 11. h3 Bxf3 12. Qxf3 Nbd7 13. Ne4 Qe7 14. Nxf6+ Nxf6 15. 0-0 Rfe8 16. Bd3 Qe5 17. Bxf6 Bxf6 18. Rab1 Rab8 19. Rfc1 b5 20. axb5 axb5 21. b3 Re7 22. Kh1 Ra7 23. Kg1 Kg7 24. g3 Qe8 25. h4 Rba8 26. h5 Be5 27. g4 Ra2 28. Qh1 Rd2 29. Be4 Raa2 30. Bc2 Rdxc2 31. Rxc2 Rxc2 32. Qe4 Bh2+ 0-1

[Event "BCF-chT4S 1819 (4NCL)"]
[Site "England"]
[Date "2019.01.12"]
[Round "3.205"]
[White "Gentry, Alan E"]
[Black "Sanfey, Gregor"]
[Result "1-0"]
[WhiteElo "1739"]
[BlackElo "1585"]
[PlyCount "57"]
[EventDate "2018.11.17"]
[EventType "team-swiss"]
[EventRounds "11"]
[EventCountry "ENG"]
[SourceTitle "EXT 2021"]
[Source "ChessBase"]
[SourceDate "2020.10.23"]
[SourceVersion "1"]
[SourceVersionDate "2020.10.23"]
[SourceQuality "1"]
[WhiteTeam "Oxford IV"]
[BlackTeam "Barnet Knights II"]
[WhiteTeamCountry "ENG"]
[BlackTeamCountry "ENG"]

1. d4 Nf6 2. c4 e6 3. Nf3 d5 4. Nc3 b6 5. cxd5 Nxd5 6. e4 Nxc3 7. bxc3 Bb7 8. Bd3 c5 9. 0-0 Nc6 10. Bf4 Be7 11. Rc1 0-0 12. Qe2 Qd7 13. Rfd1 Rac8 14. d5 Na5 15. Bb5 Qd8 16. dxe6 Bd6 17. Bxd6 Qf6 18. Bxf8 Rxf8 19. e7 Qxe7 20. Rd7 Qe6 21. Rcd1 c4 22. Ng5 Qf6 23. Qh5 h6 24. Nxf7 Rxf7 25. Rxf7 Qxf7 26. Rd8+ Kh7 27. Qxf7 Bxe4 28. Rg8 Bd5 29. Qxg7# 1-0

[Event "BCF-chT4S 1819 (4NCL)"]
[Site "England"]
[Date "2018.11.17"]
[Round "1.99"]
[White "Davidson, Laura"]
[Black "Gentry, Alan E"]
[Result "1/2-1/2"]
[WhiteElo "1757"]
[BlackElo "1739"]
[PlyCount "73"]
[EventDate "2018.11.17"]
[EventType "team-swiss"]
[EventRounds "11"]
[EventCountry "ENG"]
[SourceTitle "EXT 2021"]
[Source "ChessBase"]
[SourceDate "2020.10.23"]
[SourceVersion "1"]
[SourceVersionDate "2020.10.23"]
[SourceQuality "1"]
[WhiteTeam "Throw in the Tal"]
[BlackTeam "Oxford IV"]
[WhiteTeamCountry "ENG"]
[BlackTeamCountry "ENG"]

1. d4 Nf6 2. Bg5 e6 3. Nf3 h6 4. Bh4 c5 5. e3 Nc6 6. Nbd2 d5 7. c3 cxd4 8. exd4 Bd6 9. Bd3 Qc7 10. 0-0 Bd7 11. a4 g5 12. Bg3 Nh5 13. Bxd6 Qxd6 14. Bb5 Nf4 15. Bxc6 bxc6 16. Ne5 f6 17. Nxd7 Qxd7 18. Nb3 h5 19. Re1 Qd6 20. Nc5 e5 21. b4 e4 22. Rb1 Kf7 23. b5 Rab8 24. Rb3 Ne6 25. Nxe6 Qxe6 26. bxc6 Rxb3 27. Qxb3 Qxc6 28. Rxe4 Kg6 29. Re7 Re8 30. Rxe8 Qxe8 31. Qd1 Qe4 32. Kf1 h4 33. h3 f5 34. Qe1 Qd3+ 35. Qe2 Qb1+ 36. Qe1 Qd3+ 37. Qe2 1/2-1/2

[Event "Witney op U170 6th"]
[Site "Witney"]
[Date "2018.11.04"]
[Round "4"]
[White "Weston, Richard"]
[Black "Gentry, Alan E"]
[Result "1/2-1/2"]
[WhiteElo "2195"]
[BlackElo "1733"]
[PlyCount "73"]
[EventDate "2018.11.03"]
[EventType "swiss"]
[EventRounds "5"]
[EventCountry "ENG"]
[SourceTitle "CBM 187 Extra"]
[Source "ChessBase"]
[SourceDate "2018.11.04"]
[SourceVersion "1"]
[SourceVersionDate "2018.11.04"]
[SourceQuality "1"]

1. d4 Nf6 2. Bg5 e6 3. Nd2 c5 4. e3 Nc6 5. Ngf3 h6 6. Bh4 cxd4 7. exd4 Be7 8. c3 0-0 9. Bd3 d6 10. Qc2 Bd7 11. Nc4 Qc7 12. h3 Rfe8 13. Bg3 Bf8 14. 0-0 Rac8 15. Ncd2 Nb4 16. Qb1 Nxd3 17. Qxd3 a6 18. c4 Qa5 19. b4 Qa4 20. Rfb1 Bc6 21. Rb3 Bxf3 22. Nxf3 Red8 23. Nd2 Be7 24. Bh4 e5 25. d5 Nxd5 26. Qxd5 Bxh4 27. Qxb7 Bg5 28. Ne4 Rxc4 29. Nxg5 hxg5 30. Qb6 Rd7 31. b5 axb5 32. Rxb5 d5 33. Qb8+ Kh7 34. Rab1 f6 35. Qe8 Rdc7 36. Qh5+ Kg8 37. Qe8+ 1/2-1/2

[Event "BCF-chT4S 1718 (4NCL)"]
[Site "England"]
[Date "2018.05.07"]
[Round "11.52"]
[White "Watson, Jacob"]
[Black "Gentry, Alan E"]
[Result "1/2-1/2"]
[WhiteElo "1881"]
[BlackElo "1724"]
[PlyCount "80"]
[EventDate "2017.11.11"]
[EventType "team-swiss"]
[EventRounds "11"]
[EventCountry "ENG"]
[SourceTitle "EXT 2020"]
[Source "ChessBase"]
[SourceDate "2019.10.17"]
[SourceVersion "1"]
[SourceVersionDate "2019.10.17"]
[SourceQuality "1"]
[WhiteTeam "KJCA Young Kestrels"]
[BlackTeam "Oxford III"]
[WhiteTeamCountry "ENG"]
[BlackTeamCountry "ENG"]

1. e4 c5 2. Nf3 d6 3. d4 cxd4 4. Nxd4 Nf6 5. Nc3 a6 6. g3 g6 7. Bg2 Bg7 8. 0-0 Bd7 9. h3 Nc6 10. Be3 Rc8 11. Qd2 Ne5 12. b3 Qc7 13. Nce2 h5 14. c4 h4 15. f4 Nc6 16. f5 Ne5 17. Rae1 hxg3 18. Nxg3 b5 19. cxb5 axb5 20. Rc1 Qb7 21. Rxc8+ Bxc8 22. Qa5 Bd7 23. Rc1 0-0 24. Qd2 Rc8 25. Rf1 Qc7 26. Rc1 Qxc1+ 27. Qxc1 Rxc1+ 28. Bxc1 Nd3 29. Be3 Nc5 30. fxg6 fxg6 31. Bf1 b4 32. Bc4+ Kf8 33. e5 Nfe4 34. Nxe4 Nxe4 35. e6 Bxd4 36. Bxd4 Bc6 37. Bb2 Nd2 38. Bd3 Be4 39. Bb5 Bd5 40. Bd3 Be4 1/2-1/2

[Event "BCF-chT4 1516 (4NCL)"]
[Site "England"]
[Date "2016.01.16"]
[Round "3.206"]
[White "Gentry, Alan E"]
[Black "Zdanowski, Adrian"]
[Result "0-1"]
[WhiteElo "1773"]
[BlackElo "1967"]
[PlyCount "87"]
[EventDate "2015.11.14"]
[EventType "team-swiss"]
[EventRounds "11"]
[EventCountry "ENG"]
[SourceTitle "EXT 2017"]
[Source "ChessBase"]
[SourceDate "2016.10.25"]
[SourceVersion "1"]
[SourceVersionDate "2016.10.25"]
[SourceQuality "1"]
[WhiteTeam "Oxford III"]
[BlackTeam "Shropshire II"]
[WhiteTeamCountry "ENG"]
[BlackTeamCountry "ENG"]

1. d4 Nf6 2. c4 g6 3. Nc3 d5 4. Bf4 Bg7 5. Rc1 c6 6. e3 0-0 7. Nf3 Qb6 8. Qb3 Be6 9. c5 Qxb3 10. axb3 Na6 11. Bxa6 bxa6 12. Ra1 Bc8 13. Ne5 Bb7 14. Nd3 Nh5 15. Bg5 f6 16. Bh4 g5 17. Bg3 Nxg3 18. hxg3 e5 19. Ne2 Rab8 20. Kd2 Bc8 21. Kc3 exd4+ 22. Nxd4 f5 23. Nb4 Bd7 24. Rxa6 Rb7 25. Rha1 Rfb8 26. R1a4 Rb5 27. Rxa7 Rxc5+ 28. Kd3 Bxd4 29. exd4 Rcb5 30. Rxd7 Rxb4 31. Rxb4 Rxb4 32. Kc3 Rb6 33. b4 h6 34. Rc7 h5 35. Re7 Ra6 36. Re5 Kg7 37. Rxf5 Kg6 38. Re5 Ra1 39. Re6+ Kf5 40. Rxc6 Rc1+ 41. Kb3 Rxc6 42. Ka4 Rc4 43. Ka5 Rxd4 44. b5 0-1

[Event "BCF-chT3S 1415 (4NCL)"]
[Site "England"]
[Date "2015.02.15"]
[Round "6.99"]
[White "Gentry, Alan E"]
[Black "Munshi, Aditya"]
[Result "0-1"]
[WhiteElo "1827"]
[BlackElo "1548"]
[PlyCount "70"]
[EventDate "2014.11.15"]
[EventType "team-swiss"]
[EventRounds "6"]
[EventCountry "ENG"]
[SourceTitle "EXT 2016"]
[Source "ChessBase"]
[SourceDate "2015.10.08"]
[SourceVersion "1"]
[SourceVersionDate "2015.10.08"]
[SourceQuality "1"]
[WhiteTeam "Witney"]
[BlackTeam "Midland Monarchs"]
[WhiteTeamCountry "ENG"]
[BlackTeamCountry "ENG"]

1. d4 d5 2. c4 c6 3. Nf3 Nf6 4. Nc3 e6 5. e3 Nbd7 6. Qc2 Bd6 7. Bd3 dxc4 8. Bxc4 b5 9. Bd3 Bb7 10. 0-0 0-0 11. Rd1 Qc7 12. e4 e5 13. Be3 a6 14. h3 exd4 15. Nxd4 c5 16. Nf5 Bh2+ 17. Kh1 c4 18. Be2 Be5 19. Qc1 Nxe4 20. Ne7+ Kh8 21. Ncd5 Bxd5 22. Nxd5 Qc6 23. Bf3 f5 24. Qc2 Ndf6 25. Nxf6 Qxf6 26. Rab1 Rac8 27. Bxe4 fxe4 28. Qxe4 Bxb2 29. Qg4 c3 30. Rd7 c2 31. Rc1 Bxc1 32. Bd4 Bf4 33. Bxf6 c1Q+ 34. Rd1 Qxd1+ 35. Qxd1 Rc1 0-1